Research methods for business and social science students / (Record no. 19113)
[ view plain ]
| 000 -LEADER | |
|---|---|
| fixed length control field | 01095cam a22002898a 4500 |
| 001 - CONTROL NUMBER | |
| control field | 17991986 |
| 005 - DATE AND TIME OF LATEST TRANSACTION | |
| control field | 20201128021224.0 |
| 008 - FIXED-LENGTH DATA ELEMENTS--GENERAL INFORMATION | |
| fixed length control field | 140109s2014 ii a frb 000 0 eng d |
| 020 ## - INTERNATIONAL STANDARD BOOK NUMBER | |
| International Standard Book Number | 9788132113669 (pbk. : alk. paper) |
| 040 ## - CATALOGING SOURCE | |
| Original cataloging agency | DLC |
| Language of cataloging | eng |
| Transcribing agency | DLC |
| Modifying agency | EG-ScBUE |
| -- | EG-ScBUE |
| 082 04 - DEWEY DECIMAL CLASSIFICATION NUMBER | |
| Classification number | 300.72 |
| Item number | ADA |
| Edition number | 22 |
| 100 1# - MAIN ENTRY--PERSONAL NAME | |
| Personal name | Adams, John. |
| 9 (RLIN) | 37472 |
| 245 10 - TITLE STATEMENT | |
| Title | Research methods for business and social science students / |
| Statement of responsibility, etc | John Adams, Hafiz T.A. Khan, Robert Raeside. |
| 250 ## - EDITION STATEMENT | |
| Edition statement | 2nd ed. |
| 260 ## - PUBLICATION, DISTRIBUTION, ETC. (IMPRINT) | |
| Place of publication, distribution, etc | New Delhi : |
| Name of publisher, distributor, etc | SAGE Response, |
| Date of publication, distribution, etc | 2014. |
| 300 ## - PHYSICAL DESCRIPTION | |
| Extent | xii, 290 p. : |
| Other physical details | ill. ; |
| Dimensions | 24 cm. |
| 500 ## - GENERAL NOTE | |
| General note | Revised edition of: Research methods for graduate business and social science students / John Adams ... [et al.], published in 2007. |
| 500 ## - GENERAL NOTE | |
| General note | Includes appendixes. |
| 504 ## - BIBLIOGRAPHY, ETC. NOTE | |
| Bibliography, etc | Includes bibliographical references. |
| 650 #0 - SUBJECT ADDED ENTRY--TOPICAL TERM | |
| Topical term or geographic name as entry element | Social sciences |
| General subdivision | Research. |
| 9 (RLIN) | 775 |
| Source of heading or term | BUEsh |
| 650 #0 - SUBJECT ADDED ENTRY--TOPICAL TERM | |
| Topical term or geographic name as entry element | Social sciences |
| General subdivision | Methodology. |
| 9 (RLIN) | 784 |
| Source of heading or term | BUEsh |
| 651 ## - SUBJECT ADDED ENTRY--GEOGRAPHIC NAME | |
| Source of heading or term | BUEsh |
| 653 ## - INDEX TERM--UNCONTROLLED | |
| Resource For college | BAEPS, Economics |
| Arrived date list | March2015 |
| 700 1# - ADDED ENTRY--PERSONAL NAME | |
| Personal name | Khan, Hafiz T. A. |
| 9 (RLIN) | 37473 |
| 700 1# - ADDED ENTRY--PERSONAL NAME | |
| Personal name | Raeside, R. |
| Fuller form of name | (Robert) |
| 9 (RLIN) | 37474 |
| 942 ## - ADDED ENTRY ELEMENTS (KOHA) | |
| Source of classification or shelving scheme | Dewey Decimal Classification |
| Call number prefix | 300.72 ADA |
| Withdrawn status | Item status | Source of classification or shelving scheme | Materials specified (bound volume or other part) | Damaged status | Not for loan | Vendor | Home library | Current library | Shelving location | Date acquired | Source of acquisition | Cost, normal purchase price | Total Checkouts | Full call number | Barcode | Date last seen | Cost, replacement price | Koha item type | Total Renewals | Date last borrowed |
|---|---|---|---|---|---|---|---|---|---|---|---|---|---|---|---|---|---|---|---|---|
| Lost | Dewey Decimal Classification | Lost In Inventory_2017-8-25 | Baccah | Central Library | Central Library | First floor | 24/03/2015 | 270.00 | 300.72 ADA | 000037802 | 23/08/2016 | 338.00 | NB - Book (Non borrowing) | |||||||
| Dewey Decimal Classification | Baccah | Central Library | Central Library | First floor | 24/03/2015 | 4 | 300.72 ADA | 000037766 | 15/07/2025 | Book - Borrowing | 18 | 24/09/2019 | ||||||||
| Lost & Replaced | Dewey Decimal Classification | Baccah | Central Library | Central Library | First floor | 24/03/2015 | Purchase | 3 | 300.72 ADA | 000037803 | 05/03/2017 | Book - Borrowing | 37 | 21/02/2017 | ||||||
| Dewey Decimal Classification | Baccah | Central Library | Central Library | First floor | 24/03/2015 | 1 | 300.72 ADA | 000037804 | 15/07/2025 | Book - Borrowing | 2 | 06/03/2016 | ||||||||
| Dewey Decimal Classification | Baccah | Central Library | Central Library | First floor | 24/03/2015 | 4 | 300.72 ADA | 000037767 | 15/07/2025 | Book - Borrowing | 41 | 20/02/2023 | ||||||||
| Dewey Decimal Classification | Baccah | Central Library | Central Library | First floor | 24/03/2015 | 2 | 300.72 ADA | 000037768 | 15/07/2025 | Book - Borrowing | 2 | 14/02/2017 | ||||||||
| Dewey Decimal Classification | Baccah | Central Library | Central Library | First floor | 06/03/2017 | Purchase | 300.72 ADA | 000041292 | 15/07/2025 | Book - Borrowing |